000 00333nam a2200133Ia 4500
008 240624s9999 xx 000 0 und d
041 _aeng
082 _a828 DAM
100 _aDAMLE JASMINE Y
245 _aPUNE TRADITION TO MARKET
260 _c2011
_aDelhi
_bKalpaz Publications
300 _a227 : p. : cm. ; 22
365 _cRS
_b25
999 _c19103
_d19103